000
00300nam a2200133Ia 4500
005
20251222152717.0
008
251222s9999||||xx |||||||||||||| ||spa||
020
_a
9788792786371
082
_a
305.898.08/V48
100
_a
Verese, Stefano
245
0
_a
Selva Vida:
264
_b
Iwgia
942
_c
LIB
999
_c
29431
_d
29431